01156nam a2200193Ia 4500001001000000003001000010008004100020040002500061041001300086100001200099245007600111250001100187260008200198300001200280500026000292501011400552520026000666650003600926L208-3810IT-CnALBA170116s9999||||xx |||||||||||||| ||und|| aIT-CnALBAcIT-CnALBA aITALIANO aAA. VV. 0aTESTI MARIANI DEL PRIMO MILLENNIO. VOL. I. PADRI E ALTRI AUTORI GRECI.  a1a ed. a ROMAbCITTÀ NUOVA EDITRICE c1988 [1° Ed.:1988 - Ed.Ling.Originale: 1988] a988 p.  aPADRI E ALTRI AUTORI GRECI. CURATORI GEORGESCHARIB, ERMANNO TONIOLO, LUIGI GAMBERO, GERARDO DI NOLA. INDICI: BIBLIOCO, AUTORI E PERSONAGGI ANTICHI, AUTORI MODERNI, INDICE ANALITICO, INTRODUZIONI. TESTI BIBLICI MARIANI DEI PADRI. TESTI MARIANI DEI PADRI E  aSocietà San Paolo EM - Piazza San Paolo, 14 - 12051 ALBA (CN) (non commercial uses only) ® Copyright 2017 aPADRI E ALTRI AUTORI GRECI. CURATORI GEORGESCHARIB, ERMANNO TONIOLO, LUIGI GAMBERO, GERARDO DI NOLA. INDICI: BIBLIOCO, AUTORI E PERSONAGGI ANTICHI, AUTORI MODERNI, INDICE ANALITICO, INTRODUZIONI. TESTI BIBLICI MARIANI DEI PADRI. TESTI MARIANI DEI PADRI E  aPADRI E SCRITTORI ECCLESIASTICI